000 00866nam a2200253Ia 4500
003 OSt
005 20221005113431.0
006 a|||||r|||| 00| 0
007 ta
008 221004b |||||||| |||| 00| 0 pan d
020 _a8178833891 (hbk)
_c140
024 _a6773
037 _b686, 12/06/2013, H.K. Prakashan
_cTextual
040 _aCRL
_cCRL
_bpan
041 _2pan
_apan
082 _aO168,8M98x, 153P7
100 _aਬੁ॥ਾਰੀ, ਪਿਤਰਸ
245 0 _aਪਿਤਰਸ ਦੇ ਮਗ਼ਮੂਨ
260 _aਲੁਧਿਆਣਾ
_bਚੇਤਨਾ ਪ੍ਰਕਾFਨ ਭਾਰਤ
_c2007
300 _a111ਪੰ
_ccm.
650 _aਪੰਜਾਬੀ ਸਾਹਿਤ
942 _hO168,8M98x, 153P7
_cTEXL
_2cc
999 _c1028158
_d1028158